| 000 | 00660nam a2200205 a 4500 | ||
|---|---|---|---|
| 005 | 20240925070052.0 | ||
| 008 | 030313s1995 mx r 000 0 spa d | ||
| 020 | _a8476423861 | ||
| 035 | _aUPN01000122927 | ||
| 049 | _aCG | ||
| 050 | 4 |
_aBD232 _bD5.4 |
|
| 245 | 0 | 4 |
_aLos dilemas morales : _bun método para la educación en valores / _cJosé Cantillo Carmona. |
| 260 |
_aValencia, Esp. : _bNau Llibres, _c1995. |
||
| 300 | _a78 p. | ||
| 500 | _aSubtitulo de la cubierta: Materiales para trabajar en el aula los temas transversales y la ética | ||
| 650 | 4 |
_aValores _9308 |
|
| 650 | 4 |
_aÉtica _912720 |
|
| 700 | 1 | _aCantillo Carmona, José | |
| 905 | _aLibro | ||
| 999 |
_c95110 _d95110 |
||